000 00362nam a2200169Ia 4500
001 9745
005 20250626030248.0
008 211022s9999 xx 000 0 und d
082 _a297.4 NUR
100 _aNurbakhsh, Javad
245 0 _aSufism:
260 _aNew York
260 _bKhaniqahi-Nimatullahi Pub
260 _c1981
300 _a111
942 _cBK
999 _c9254
_d9254